[Event "Titled Tuesday intern op 25th Mar Early"]
[Site "Chess.com INT"]
[Date "2025.03.25"]
[Round "11"]
[White "Martin, Lewis"]
[Black "Mikhalsky, Vladimir"]
[Result "1-0"]
[WhiteElo "2050"]
[BlackElo "2219"]
[PlyCount "55"]
[EventDate "2025.03.25"]
[EventType "swiss (blitz)"]
[EventRounds "11"]
[EventCountry "USA"]
[SourceTitle "CB14_2025"]
[SourceDate "2024.11.01"]
[SourceVersion "1"]
[SourceVersionDate "2024.11.01"]
[SourceQuality "1"]

1. e4 g6 2. d4 Bg7 3. Nf3 d6 4. Bc4 a6 5. a4 b6 6. 0-0 e6 7. Nc3 Bb7 8. Re1 Ne7 9. Bb3 h6 10. Be3 Nd7 11. Qd2 Nf6 12. Qd3 0-0 13. Rad1 Ng4 14. Bf4 Nc6 15. h3 e5 16. hxg4 exf4 17. e5 dxe5 18. Qxg6 Na5 19. Ba2 Bxf3 20. gxf3 exd4 21. Ne4 c5 22. g5 c4 23. Qh5 Qd5 24. b4 cxb3 25. cxb3 f5 26. gxh6 Ra7 27. Re2 d3 28. Red2 1-0

[Event "Titled Tuesday intern op 25th Mar Early"]
[Site "Chess.com INT"]
[Date "2025.03.25"]
[Round "9"]
[White "Martin, Lewis"]
[Black "Vedant, Nitin Vekhande"]
[Result "0-1"]
[WhiteElo "2050"]
[BlackElo "2167"]
[PlyCount "76"]
[EventDate "2025.03.25"]
[EventType "swiss (blitz)"]
[EventRounds "11"]
[EventCountry "USA"]
[SourceTitle "CB14_2025"]
[SourceDate "2024.11.01"]
[SourceVersion "1"]
[SourceVersionDate "2024.11.01"]
[SourceQuality "1"]

1. e4 c5 2. Nf3 d6 3. d4 cxd4 4. Nxd4 Nf6 5. Nc3 g6 6. Be2 Bg7 7. Be3 0-0 8. 0-0 Nc6 9. h3 d5 10. Nxc6 bxc6 11. e5 Nd7 12. f4 e6 13. Na4 f6 14. exf6 Bxf6 15. Qd2 Qe7 16. Rae1 c5 17. c3 Bb7 18. Bf3 Rac8 19. g4 Bc6 20. b3 Bxa4 21. bxa4 Qd6 22. f5 d4 23. fxe6 Ne5 24. Bf4 Qxe6 25. Bb7 Rcd8 26. cxd4 Rxd4 27. Qg2 Re8 28. Re2 Re7 29. Bxe5 Bxe5 30. Rfe1 Qd6 31. a5 Rd1 32. Kf1 Rxe1+ 33. Rxe1 Qd3+ 34. Re2 Kg7 35. Be4 Qd1+ 36. Re1 Rf7+ 37. Bf5 Qd3+ 38. Kg1 gxf5 0-1

[Event "Titled Tuesday intern op 25th Mar Early"]
[Site "Chess.com INT"]
[Date "2025.03.25"]
[Round "10"]
[White "Pakhomov, Egor"]
[Black "Martin, Lewis"]
[Result "0-1"]
[WhiteElo "2366"]
[BlackElo "2050"]
[PlyCount "126"]
[EventDate "2025.03.25"]
[EventType "swiss (blitz)"]
[EventRounds "11"]
[EventCountry "USA"]
[SourceTitle "CB14_2025"]
[SourceDate "2024.11.01"]
[SourceVersion "1"]
[SourceVersionDate "2024.11.01"]
[SourceQuality "1"]

1. d4 d5 2. Nf3 Nf6 3. c4 c6 4. Nc3 dxc4 5. a4 Bf5 6. Ne5 e6 7. Nxc4 Nbd7 8. f3 Bb4 9. e4 Bxe4 10. fxe4 Nxe4 11. Qd3 Ndf6 12. Bg5 Nxg5 13. Be2 Nge4 14. 0-0 Bxc3 15. bxc3 0-0 16. Rab1 Rb8 17. Bf3 Ng5 18. Ne5 Nxf3+ 19. Rxf3 h6 20. Rg3 Nh7 21. Qe3 Qe7 22. Qxh6 f6 23. Ng6 gxh6 24. Nxe7+ Kf7 25. Ng6 Rg8 26. Nf4 Rxg3 27. hxg3 Ng5 28. Nd3 Ne4 29. Nc5 Nxc3 30. Rb3 Ne2+ 31. Kf2 Nxd4 32. Rb4 e5 33. Nxb7 Ke7 34. a5 a6 35. Rb6 Ne6 36. Kf3 f5 37. g4 e4+ 38. Ke3 fxg4 39. Kxe4 Kf6 40. Nd6 Rxb6 41. axb6 a5 42. b7 Nc5+ 43. Kf4 Nxb7 44. Nxb7 a4 45. Nc5 a3 46. Nb3 h5 47. Kg3 Kg5 48. Na1 h4+ 49. Kf2 Kf4 50. Nb3 a2 51. Na1 c5 52. Nc2 c4 53. Na1 c3 54. Nc2 Ke4 55. Ke2 h3 56. gxh3 gxh3 57. Kf2 Kf4 58. Na1 h2 59. Kg2 Ke3 60. Kxh2 Kd2 61. Kg2 c2 62. Nb3+ Kd1 63. Na1 c1Q 0-1

[Event "British Rapidplay"]
[Site "Peterborough"]
[Date "2025.03.02"]
[Round "9"]
[White "Buckley, Graeme N"]
[Black "Martin, Lewis"]
[Result "1-0"]
[WhiteElo "2268"]
[BlackElo "2050"]
[PlyCount "59"]
[EventDate "2025.03.01"]
[EventType "swiss (rapid)"]
[EventRounds "11"]
[EventCountry "ENG"]
[SourceTitle "CB10_2025"]
[SourceDate "2025.03.05"]
[SourceVersion "1"]
[SourceVersionDate "2025.03.05"]
[SourceQuality "1"]

1. e4 c6 2. d4 d5 3. e5 Bf5 4. Nf3 e6 5. Be2 c5 6. Be3 cxd4 7. Nxd4 Ne7 8. c4 Nbc6 9. 0-0 Nxd4 10. Bxd4 Nc6 11. cxd5 Qxd5 12. Bf3 Qd7 13. Bc3 Qxd1 14. Rxd1 Be7 15. Na3 Rd8 16. Rxd8+ Nxd8 17. Nb5 a6 18. Nc7+ Kd7 19. Ba5 Bc5 20. Rd1+ Ke7 21. b4 Ba7 22. b5 f6 23. bxa6 bxa6 24. Nxa6 fxe5 25. Bb4+ Kf6 26. Rd7 e4 27. Be2 Nc6 28. Bc3+ Kg6 29. Rxg7+ Kh6 30. Rxa7 1-0

[Event "British Rapidplay"]
[Site "Peterborough"]
[Date "2025.03.02"]
[Round "10"]
[White "Martin, Lewis"]
[Black "Lishoy Gengis Paratazham, Dildarav"]
[Result "0-1"]
[WhiteElo "2050"]
[BlackElo "2071"]
[PlyCount "85"]
[EventDate "2025.03.01"]
[EventType "swiss (rapid)"]
[EventRounds "11"]
[EventCountry "ENG"]
[SourceTitle "CB10_2025"]
[SourceDate "2025.03.05"]
[SourceVersion "1"]
[SourceVersionDate "2025.03.05"]
[SourceQuality "1"]

1. e4 d6 2. d4 Nf6 3. Nc3 e5 4. Nf3 Nbd7 5. Bc4 Be7 6. 0-0 0-0 7. h3 c6 8. a4 h6 9. Be3 b6 10. Qd2 Bb7 11. Rad1 Qc7 12. Rfe1 Rad8 13. Bxh6 gxh6 14. Qxh6 Nh7 15. Re3 Kh8 16. Ne2 d5 17. Ng3 Qd6 18. Qxd6 Bxd6 19. exd5 cxd5 20. dxe5 Bc5 21. Red3 dxc4 22. Rxd7 Rxd7 23. Rxd7 Bxf3 24. gxf3 Ng5 25. Kg2 f6 26. h4 Ne6 27. exf6 Rxf6 28. Ne4 Rg6+ 29. Kf1 a5 30. Rf7 Kg8 31. Rd7 Kf8 32. Nd2 Rh6 33. Nxc4 Rxh4 34. b3 Nf4 35. Kg1 Rh5 36. Ne3 Ne2+ 37. Kg2 Nd4 38. f4 Ke8 39. Rg7 Ne6 40. Rg4 Kf7 41. Kf3 Kf6 42. Ke4 Rh2 43. Nd5+ 0-1

[Event "British Rapidplay"]
[Site "Peterborough"]
[Date "2025.03.01"]
[Round "1"]
[White "Burton, Sean"]
[Black "Martin, Lewis"]
[Result "0-1"]
[WhiteElo "1806"]
[BlackElo "2050"]
[PlyCount "72"]
[EventDate "2025.03.01"]
[EventType "swiss (rapid)"]
[EventRounds "11"]
[EventCountry "ENG"]
[SourceTitle "CB10_2025"]
[SourceDate "2025.03.05"]
[SourceVersion "1"]
[SourceVersionDate "2025.03.05"]
[SourceQuality "1"]

1. e4 c6 2. d4 d5 3. f3 dxe4 4. fxe4 e5 5. Nf3 exd4 6. Bc4 Nf6 7. 0-0 Be7 8. Nbd2 0-0 9. e5 Nd5 10. Ne4 b5 11. Bd3 Bg4 12. Qe1 Nd7 13. Qg3 Bxf3 14. Bh6 g6 15. Bxf8 Bxf8 16. Rxf3 Bg7 17. Raf1 Nxe5 18. R3f2 Ne3 19. Re1 Qe7 20. Ng5 h6 21. Nf3 Nxd3 22. cxd3 c5 23. h3 Re8 24. Nh2 Be5 25. Qf3 f5 26. Nf1 f4 27. Nxe3 dxe3 28. Rc2 Qd6 29. Qb7 Bd4 30. Qxb5 Rf8 31. Qc4+ Kg7 32. Rce2 f3 33. gxf3 Qg3+ 34. Kh1 Qxh3+ 35. Kg1 Qg3+ 36. Kh1 Rf4 0-1

[Event "British Rapidplay"]
[Site "Peterborough"]
[Date "2025.03.01"]
[Round "4"]
[White "Martin, Lewis"]
[Black "Bowers, Francis J"]
[Result "1/2-1/2"]
[WhiteElo "2050"]
[BlackElo "1820"]
[PlyCount "114"]
[EventDate "2025.03.01"]
[EventType "swiss (rapid)"]
[EventRounds "11"]
[EventCountry "ENG"]
[SourceTitle "CB10_2025"]
[SourceDate "2025.03.05"]
[SourceVersion "1"]
[SourceVersionDate "2025.03.05"]
[SourceQuality "1"]

1. e4 e5 2. Nf3 d6 3. d4 exd4 4. Nxd4 g6 5. Nc3 Bg7 6. Bc4 Nc6 7. Nxc6 bxc6 8. 0-0 Ne7 9. Be3 0-0 10. Qd2 Be6 11. Bb3 c5 12. f4 Bxb3 13. axb3 f5 14. e5 dxe5 15. Qxd8 Rfxd8 16. Bxc5 Nc6 17. fxe5 Bxe5 18. Rfd1 Bd4+ 19. Bxd4 Nxd4 20. Kf1 c5 21. Rd2 Re8 22. Ra5 Ne6 23. Rd7 Red8 24. Raxa7 Rxa7 25. Rxa7 Rd2 26. Re7 Nd4 27. Nd5 Rxc2 28. Nf6+ Kf8 29. Rc7 Nxb3 30. Nxh7+ Ke8 31. Nf6+ Kd8 32. Rd7+ Kc8 33. Rg7 Rxb2 34. Rxg6 c4 35. Nd5 Nd2+ 36. Ke2 Ne4+ 37. Ke3 Kb7 38. h4 c3 39. Nxc3 Nxc3 40. Kf4 Rb4+ 41. Kxf5 Rxh4 42. g4 Nd5 43. Re6 Kc7 44. g5 Kd7 45. Ra6 Ne7+ 46. Kf6 Rf4+ 47. Kg7 Nf5+ 48. Kf6 Nd6+ 49. Kg7 Ne8+ 50. Kg6 Ke7 51. Ra7+ Kf8 52. Ra5 Rf7 53. Rf5 Rxf5 54. Kxf5 Kg7 55. g6 Nf6 56. Kg5 Ne4+ 57. Kf4 Kxg6 1/2-1/2

[Event "Titled Tuesday intern op 25th Feb Early"]
[Site "Chess.com INT"]
[Date "2025.02.25"]
[Round "3"]
[White "Geivondian, Arman"]
[Black "Martin, Lewis"]
[Result "1-0"]
[WhiteElo "2297"]
[BlackElo "2050"]
[PlyCount "57"]
[EventDate "2025.02.25"]
[EventType "swiss (blitz)"]
[EventRounds "11"]
[EventCountry "USA"]
[SourceTitle "CB10_2025"]
[SourceDate "2025.03.05"]
[SourceVersion "1"]
[SourceVersionDate "2025.03.05"]
[SourceQuality "1"]

1. e4 c6 2. d4 d5 3. Nc3 dxe4 4. Nxe4 Bf5 5. Ng3 Bg6 6. h4 h6 7. Nf3 Nd7 8. h5 Bh7 9. Bd3 Bxd3 10. Qxd3 e6 11. Bf4 Qa5+ 12. Bd2 Bb4 13. c3 Be7 14. a3 Ngf6 15. c4 Qc7 16. 0-0-0 0-0 17. Rhe1 Rfd8 18. Qe2 c5 19. d5 e5 20. Nf5 Bf8 21. Nxe5 Nxe5 22. Qxe5 Qb6 23. Bc3 Nxh5 24. g4 Re8 25. Qxe8 Rxe8 26. Rxe8 Nf4 27. Ne7+ Kh7 28. Rxf8 Qd6 29. Rxf7 1-0

[Event "Titled Tuesday intern op 25th Feb Early"]
[Site "Chess.com INT"]
[Date "2025.02.25"]
[Round "2"]
[White "Martin, Lewis"]
[Black "Carroll, Thomas"]
[Result "0-1"]
[WhiteElo "2050"]
[BlackElo "2130"]
[PlyCount "68"]
[EventDate "2025.02.25"]
[EventType "swiss (blitz)"]
[EventRounds "11"]
[EventCountry "USA"]
[SourceTitle "CB10_2025"]
[SourceDate "2025.03.05"]
[SourceVersion "1"]
[SourceVersionDate "2025.03.05"]
[SourceQuality "1"]

1. e4 d6 2. d4 Nf6 3. Nc3 e5 4. Nf3 Nbd7 5. Bc4 Be7 6. 0-0 0-0 7. Re1 c6 8. a4 Qc7 9. Bg5 h6 10. Bh4 Re8 11. Qd2 Nf8 12. Rad1 Ng6 13. Bg3 a5 14. h3 Nh5 15. Bh2 Nhf4 16. Ne2 Nxe2+ 17. Rxe2 Rb8 18. Qc3 Bf8 19. dxe5 dxe5 20. Red2 Bb4 21. Qb3 Bxd2 22. Rxd2 Be6 23. Bxe6 Rxe6 24. Qd3 b5 25. axb5 cxb5 26. Qe3 Qb6 27. Qxb6 Rbxb6 28. Rd5 a4 29. Nxe5 Nxe5 30. Bxe5 b4 31. f3 a3 32. bxa3 bxa3 33. f4 a2 34. Ra5 Ra6 0-1

[Event "Titled Tuesday intern op 25th Feb Early"]
[Site "Chess.com INT"]
[Date "2025.02.25"]
[Round "6"]
[White "Martin, Lewis"]
[Black "Omnia Binta Yusuf, Lubaba"]
[Result "1-0"]
[WhiteElo "2050"]
[BlackElo "1794"]
[PlyCount "51"]
[EventDate "2025.02.25"]
[EventType "swiss (blitz)"]
[EventRounds "11"]
[EventCountry "USA"]
[SourceTitle "CB10_2025"]
[SourceDate "2025.03.05"]
[SourceVersion "1"]
[SourceVersionDate "2025.03.05"]
[SourceQuality "1"]

1. e4 e6 2. d4 d5 3. Nd2 c5 4. exd5 exd5 5. dxc5 Bxc5 6. Ngf3 Nf6 7. Bd3 0-0 8. 0-0 Nc6 9. Nb3 Bd6 10. c3 Bg4 11. h3 Bh5 12. Bg5 h6 13. Bh4 g5 14. Bg3 Bxg3 15. fxg3 Qc7 16. g4 Bg6 17. Nxg5 hxg5 18. Rxf6 Bxd3 19. Qxd3 Rae8 20. Raf1 Ne5 21. Qf5 Ng6 22. Qxg5 Qg3 23. Nd4 Re5 24. Rxg6+ fxg6 25. Qxg6+ Kh8 26. Rxf8# 1-0

[Event "Titled Tuesday intern op 25th Feb Early"]
[Site "Chess.com INT"]
[Date "2025.02.25"]
[Round "10"]
[White "Paramzina, Anastasya"]
[Black "Martin, Lewis"]
[Result "1-0"]
[WhiteElo "2133"]
[BlackElo "2050"]
[PlyCount "55"]
[EventDate "2025.02.25"]
[EventType "swiss (blitz)"]
[EventRounds "11"]
[EventCountry "USA"]
[SourceTitle "CB10_2025"]
[SourceDate "2025.03.05"]
[SourceVersion "1"]
[SourceVersionDate "2025.03.05"]
[SourceQuality "1"]

1. e4 c6 2. d4 d5 3. exd5 cxd5 4. Bd3 Nc6 5. c3 Qc7 6. h3 g6 7. Nf3 Bf5 8. Be2 Bg7 9. 0-0 Nf6 10. Re1 0-0 11. Be3 Rfe8 12. Nbd2 Rad8 13. Qc1 Ne4 14. g4 Bc8 15. Nxe4 dxe4 16. Ng5 e5 17. Bc4 exd4 18. Bxf7+ Kh8 19. Bxe8 dxe3 20. Nf7+ Kg8 21. Nxd8 exf2+ 22. Kxf2 Qh2+ 23. Kf1 Qxh3+ 24. Kg1 Ne5 25. Qf4 Nf3+ 26. Kf2 Bxg4 27. Rh1 e3+ 28. Qxe3 1-0

[Event "Titled Tuesday intern op 11th Feb Early"]
[Site "Chess.com INT"]
[Date "2025.02.11"]
[Round "10"]
[White "Manukian, Artak"]
[Black "Martin, Lewis"]
[Result "1-0"]
[WhiteElo "2104"]
[BlackElo "2050"]
[PlyCount "86"]
[EventDate "2025.02.11"]
[EventType "swiss (blitz)"]
[EventRounds "11"]
[EventCountry "USA"]
[SourceTitle "CB08_2025"]
[SourceDate "2025.02.19"]
[SourceVersion "1"]
[SourceVersionDate "2025.02.19"]
[SourceQuality "1"]

1. e4 c6 2. d4 d5 3. e5 Bf5 4. c4 e6 5. Nc3 Nd7 6. Nf3 Ne7 7. Nh4 Bg6 8. Bg5 Qb6 9. Qd2 dxc4 10. Bxc4 0-0-0 11. Nxg6 hxg6 12. 0-0-0 Nxe5 13. Bb3 Nd7 14. Ne4 Qc7 15. Bf4 e5 16. dxe5 Nd5 17. Nd6+ Kb8 18. Nxf7 Bb4 19. Qd4 Bc5 20. Qe4 Rhf8 21. e6 Qxf4+ 22. Qxf4+ Nxf4 23. Nxd8 Ne5 24. Nf7 Ned3+ 25. Kb1 Nxf2 26. Ne5 Nxd1 27. Nd7+ Kc7 28. Nxf8 Nf2 29. Rf1 Nxg2 30. Nxg6 Ne4 31. e7 Kd7 32. Rd1+ Bd6 33. Be6+ Ke8 34. Bc8 Bxe7 35. Bxb7 Bf6 36. Bxc6+ Kf7 37. Bxe4 Ne3 38. Rc1 Ke6 39. Bd3 Nd5 40. Bc4 Kd6 41. Bxd5 Kxd5 42. Nf4+ Ke4 43. Ne6 Ke3 1-0

[Event "Titled Tuesday intern op 11th Feb Early"]
[Site "Chess.com INT"]
[Date "2025.02.11"]
[Round "6"]
[White "Sroczynski, Maciej"]
[Black "Martin, Lewis"]
[Result "0-1"]
[WhiteElo "2247"]
[BlackElo "2050"]
[PlyCount "108"]
[EventDate "2025.02.11"]
[EventType "swiss (blitz)"]
[EventRounds "11"]
[EventCountry "USA"]
[SourceTitle "CB09_2025"]
[SourceDate "2025.02.27"]
[SourceVersion "1"]
[SourceVersionDate "2025.02.27"]
[SourceQuality "1"]

1. Nf3 d5 2. g3 Bg4 3. Ne5 Bf5 4. Bg2 f6 5. Nf3 e5 6. d3 Nd7 7. 0-0 Bd6 8. Nbd2 Ne7 9. e4 Be6 10. d4 0-0 11. exd5 Nxd5 12. c4 Nb4 13. c5 Be7 14. dxe5 fxe5 15. a3 Nd3 16. b4 Nxc1 17. Rxc1 Bf6 18. Re1 Re8 19. Nc4 Bxc4 20. Rxc4 Nf8 21. Qe2 c6 22. Nd2 Qc7 23. Ne4 Rad8 24. Nd6 Rxd6 25. cxd6 Qxd6 26. Rcc1 Ne6 27. Qc4 Kf8 28. Be4 Nd4 29. Bxh7 Nf3+ 30. Kg2 Nxe1+ 31. Rxe1 Qd5+ 32. Qe4 Qxe4+ 33. Bxe4 Rd8 34. Re3 Rd2 35. h4 Be7 36. Rf3+ Ke8 37. Kh3 Ra2 38. Kg4 a5 39. Rb3 axb4 40. axb4 Rxf2 41. b5 cxb5 42. Rxb5 Bf6 43. Rxb7 Rd2 44. Kf5 Rf2+ 45. Ke6 Kd8 46. Rd7+ Kc8 47. Ra7 Kb8 48. Rf7 Rb2 49. h5 Rb6+ 50. Kf5 Bd8 51. Rxg7 Rb3 52. h6 Rb6 53. Kxe5 Rxh6 54. g4 Bf6+ 0-1

[Event "Titled Tuesday intern op 28th Jan Early"]
[Site "Chess.com INT"]
[Date "2025.01.28"]
[Round "5"]
[White "Thorhallsson, Simon"]
[Black "Martin, Lewis"]
[Result "0-1"]
[WhiteElo "2223"]
[BlackElo "2053"]
[PlyCount "128"]
[EventDate "2025.01.28"]
[EventType "swiss (blitz)"]
[EventRounds "11"]
[EventCountry "USA"]
[SourceTitle "CB06_2025"]
[SourceDate "2025.02.05"]
[SourceVersion "1"]
[SourceVersionDate "2025.02.05"]
[SourceQuality "1"]

1. d4 d5 2. c4 c6 3. Nf3 Nf6 4. g3 Bg4 5. Ne5 Nbd7 6. Nxg4 Nxg4 7. cxd5 cxd5 8. Nc3 e6 9. Bg2 Bb4 10. 0-0 0-0 11. Bf4 Rc8 12. Qa4 Bxc3 13. bxc3 Rxc3 14. Qxa7 Qc8 15. Rfc1 Ngf6 16. Rab1 b6 17. Bc7 Rxc1+ 18. Rxc1 Qa8 19. Qxa8 Rxa8 20. Rc2 Rc8 21. Rc1 Ra8 22. Ra1 Ra4 23. e3 h6 24. a3 Ne8 25. Bd8 Nd6 26. Be7 Nc4 27. Bf3 f6 28. Bh5 Nb8 29. Be8 Ra7 30. Bb4 Na6 31. Rc1 Nxb4 32. axb4 Kf8 33. Bb5 Nd6 34. Bf1 Ke7 35. Rc6 Rb7 36. Ba6 Rb8 37. Rc7+ Kf8 38. f3 Ne8 39. Rc8 Rxc8 40. Bxc8 Ke7 41. Kf2 Nd6 42. Ba6 e5 43. Bf1 exd4 44. exd4 Nf5 45. Be2 Nxd4 46. Bd1 Kd6 47. Ke3 Ne6 48. h4 g5 49. h5 Ke5 50. g4 d4+ 51. Kd3 Nf4+ 52. Kc4 Nd5 53. Bb3 Nc3 54. Kd3 b5 55. Bf7 Nd5 56. Be8 Nxb4+ 57. Kd2 Nd5 58. Bxb5 f5 59. Bc6 fxg4 60. fxg4 Nf6 61. Bf3 Kf4 62. Bd1 Nxg4 63. Kd3 Nf2+ 64. Kxd4 Nxd1 0-1

[Event "Titled Tuesday intern op 14th Jan Early"]
[Site "Chess.com INT"]
[Date "2025.01.14"]
[Round "2"]
[White "Martin, Lewis"]
[Black "Baradaran Tamadon, Arian"]
[Result "0-1"]
[WhiteElo "2053"]
[BlackElo "2308"]
[PlyCount "56"]
[EventDate "2025.01.14"]
[EventType "swiss (blitz)"]
[EventRounds "11"]
[EventCountry "USA"]
[SourceTitle "CB04_2025"]
[SourceDate "2025.01.22"]
[SourceVersion "1"]
[SourceVersionDate "2025.01.22"]
[SourceQuality "1"]

1. c4 b5 2. cxb5 d5 3. d4 Nf6 4. Nf3 a6 5. bxa6 Bxa6 6. Nc3 e6 7. g3 Nbd7 8. Bg2 c5 9. dxc5 Bxc5 10. 0-0 0-0 11. Bg5 h6 12. Bxf6 Qxf6 13. Qd2 Rab8 14. a3 Rb7 15. b4 Ba7 16. Rac1 Bc4 17. Rfe1 Ne5 18. Nxe5 Bxf2+ 19. Kh1 Qxe5 20. Rf1 Be3 21. Qb2 Bxc1 22. Qxc1 Rc8 23. Na4 Qxe2 24. Nc5 Ra7 25. Qf4 Qb2 26. Re1 Qxa3 27. Bh3 Qxb4 28. Qf2 Qxc5 0-1

[Event "Titled Tuesday intern op 24th Sep Early"]
[Site "Chess.com INT"]
[Date "2024.09.24"]
[Round "11"]
[White "Holinka, Henning"]
[Black "Martin, Lewis"]
[Result "1-0"]
[WhiteElo "2284"]
[BlackElo "2053"]
[PlyCount "75"]
[EventDate "2024.09.24"]
[EventType "swiss (blitz)"]
[EventRounds "11"]
[EventCountry "USA"]
[SourceTitle "EXT 2025"]
[Source "ChessBase"]
[SourceDate "2024.10.14"]
[SourceVersion "1"]
[SourceVersionDate "2024.10.14"]
[SourceQuality "1"]

1. e4 c6 2. d4 d5 3. Nd2 dxe4 4. Nxe4 Bf5 5. Ng5 e6 6. N1f3 Nd7 7. Bc4 h6 8. Nxf7 Kxf7 9. 0-0 Bd6 10. Re1 Ngf6 11. Nh4 Nd5 12. Nxf5 exf5 13. Qf3 N7b6 14. Bb3 Kf6 15. c4 Bb4 16. Re5 Ne7 17. Bf4 Qxd4 18. Rd1 Qxe5 19. Bxe5+ Kxe5 20. Qe3+ Kf6 21. a3 Rhd8 22. Rxd8 Rxd8 23. axb4 g5 24. f4 Ng6 25. Qc3+ Kf7 26. fxg5 hxg5 27. b5 Nf4 28. Qe5 Kg6 29. h4 Rd2 30. hxg5 Rxg2+ 31. Kf1 Kxg5 32. bxc6 bxc6 33. Qg7+ Ng6 34. Qxa7 Rxb2 35. Qxb6 Nf4 36. Qg1+ Kf6 37. Qd4+ Kg5 38. Qxb2 1-0

[Event "Titled Tuesday intern op 10th Sep Early"]
[Site "Chess,com INT"]
[Date "2024.09.10"]
[Round "2"]
[White "Amanov, Zhanibek"]
[Black "Martin, Lewis"]
[Result "1-0"]
[WhiteElo "2275"]
[BlackElo "2053"]
[PlyCount "103"]
[EventDate "2024.09.10"]
[EventType "swiss (blitz)"]
[EventRounds "11"]
[EventCountry "USA"]
[SourceTitle "EXT 2025"]
[Source "ChessBase"]
[SourceDate "2024.10.14"]
[SourceVersion "1"]
[SourceVersionDate "2024.10.14"]
[SourceQuality "1"]

1. c4 c6 2. Nc3 d5 3. d4 Nf6 4. cxd5 cxd5 5. Bf4 Nc6 6. e3 a6 7. Bd3 g6 8. Nf3 Bg7 9. 0-0 0-0 10. h3 b5 11. Rc1 Bb7 12. Ne5 Nxe5 13. Bxe5 Rc8 14. Qe2 Qa5 15. a3 Ne4 16. Na2 Bxe5 17. dxe5 Qb6 18. Kh2 d4 19. Rce1 f5 20. f3 Ng5 21. exd4 Qxd4 22. Qe3 Qxe3 23. Rxe3 f4 24. Re2 Rfd8 25. Bc2 Bd5 26. Nb4 Bc4 27. Rfe1 Bxe2 28. Rxe2 a5 29. Bb3+ Kg7 30. Nd5 Ne6 31. Nxe7 Nd4 32. Nxc8 Nxe2 33. Nd6 Nd4 34. Bd5 Kf8 35. g3 g5 36. h4 h6 37. hxg5 hxg5 38. gxf4 gxf4 39. Kh3 Ke7 40. Kg4 Ne6 41. b4 axb4 42. axb4 Rg8+ 43. Kf5 Rf8+ 44. Ke4 Ng5+ 45. Kd4 Rb8 46. Kc5 Ne6+ 47. Kc6 Ra8 48. Nf5+ Kf7 49. Nd4 Rc8+ 50. Kxb5 Rb8+ 51. Kc4 Ke7 52. Nc6+ 1-0

[Event "Titled Tuesday intern op 10th Sep Early"]
[Site "Chess,com INT"]
[Date "2024.09.10"]
[Round "1"]
[White "Sharapov, Evgeny"]
[Black "Martin, Lewis"]
[Result "1-0"]
[WhiteElo "2375"]
[BlackElo "2053"]
[PlyCount "83"]
[EventDate "2024.09.10"]
[EventType "swiss (blitz)"]
[EventRounds "11"]
[EventCountry "USA"]
[SourceTitle "EXT 2025"]
[Source "ChessBase"]
[SourceDate "2024.10.14"]
[SourceVersion "1"]
[SourceVersionDate "2024.10.14"]
[SourceQuality "1"]

1. e4 c6 2. d4 d5 3. e5 Bf5 4. Be3 e6 5. c4 Ne7 6. Nc3 Nd7 7. c5 a5 8. a3 Bg6 9. f4 f6 10. Nf3 Nf5 11. Bf2 Be7 12. Be2 0-0 13. 0-0 fxe5 14. fxe5 Nh4 15. Nxh4 Bxh4 16. Bxh4 Qxh4 17. Qd2 b6 18. g3 Qe7 19. Rxf8+ Nxf8 20. cxb6 Nd7 21. Na4 c5 22. Rc1 c4 23. b7 Rb8 24. Qxa5 Rxb7 25. Qd2 h6 26. Bg4 Rb3 27. Rc3 Rxc3 28. Nxc3 Nb6 29. h4 Qd7 30. Qd1 Kf8 31. Kh2 Ke7 32. Ne2 Be4 33. Nf4 Bf5 34. Bxf5 exf5 35. Qh5 Qa4 36. Qxf5 Qb3 37. Ng6+ Kd8 38. e6 Qxb2+ 39. Kh3 Qe2 40. e7+ Kc7 41. Qe5+ Qxe5 42. Nxe5 1-0

[Event "Titled Tuesday intern op 27th Aug Early"]
[Site "Chess.com INT"]
[Date "2024.08.27"]
[Round "8"]
[White "Martin, Lewis"]
[Black "Finegold, Benjamin"]
[Result "0-1"]
[WhiteElo "2053"]
[BlackElo "2400"]
[PlyCount "134"]
[EventDate "2024.08.27"]
[EventType "swiss (blitz)"]
[EventRounds "11"]
[EventCountry "USA"]
[SourceTitle "EXT 2025"]
[Source "ChessBase"]
[SourceDate "2024.10.14"]
[SourceVersion "1"]
[SourceVersionDate "2024.10.14"]
[SourceQuality "1"]

1. c4 b6 2. Nc3 Bb7 3. Nf3 g6 4. e4 Bg7 5. d3 e6 6. g3 Ne7 7. Bg2 0-0 8. 0-0 d5 9. cxd5 exd5 10. Bg5 f6 11. Bd2 d4 12. Ne2 c5 13. Nf4 Bc8 14. Re1 Nbc6 15. Nd5 Be6 16. Nxe7+ Qxe7 17. a3 Rae8 18. b4 g5 19. bxc5 bxc5 20. Rc1 g4 21. Nh4 Ne5 22. Nf5 Bxf5 23. exf5 Qd7 24. Be4 h5 25. Rxc5 Rc8 26. Rd5 Qc7 27. Rxd4 Rfe8 28. Rb4 Bf8 29. Rb7 Qc2 30. Rxa7 Qxd1 31. Rxd1 Bc5 32. Rb7 Bxa3 33. Bf4 Rcd8 34. Kg2 Bf8 35. d4 Nc4 36. Bc6 Re2 37. Bb5 Rc2 38. Rd3 Ra8 39. Rc7 Na3 40. Rxc2 Nxc2 41. Bc4+ Kg7 42. d5 Ne1+ 43. Kf1 Nxd3 44. Bxd3 Bc5 45. Be3 Bd6 46. Kg2 Ra3 47. Be4 Kf7 48. h3 Ke7 49. hxg4 hxg4 50. Bd4 Ra4 51. Bxf6+ Kxf6 52. f3 Ra2+ 53. Kf1 gxf3 54. Bxf3 Bxg3 55. Kg1 Ke5 56. d6 Kxd6 57. f6 Rf2 58. f7 Rxf3 59. f8Q+ Rxf8 60. Kg2 Ke5 61. Kxg3 Ke4 62. Kg4 Rg8+ 63. Kh5 Kf5 64. Kh6 Rg3 65. Kh7 Kf6 66. Kh8 Kf7 67. Kh7 Rh3# 0-1